Normal view
MARC view
Entry Corporate Name
001 - CONTROL NUMBER
- control field: 30773
003 - CONTROL NUMBER IDENTIFIER
- control field: dpl
005 - DATE AND TIME OF LATEST TRANSACTION
- control field: 20110802112343.0
008 - FIXED-LENGTH DATA ELEMENTS
- fixed length control field: 110802|||a|||||| | ||| d
040 ## - CATALOGING SOURCE
- Original cataloging agency: dpl
- Transcribing agency: dpl
110 ## - HEADING--CORPORATE NAME
- Corporate name or jurisdiction name as entry element: जोशी, मधुबाला
670 ## - SOURCE DATA FOUND
- Source citation: Work cat.: (dpl)21825: जायसवाल,संजीव "संजय" 30770, वह हँस दिया /, 2007
670 ## - SOURCE DATA FOUND
- Source citation: Work cat.: (dpl)21825: जायसवाल,संजीव "संजय" 30770, वह हँस दिया /, 2007
